Stolice kontrolowane przez Państwa Osi - Statystyki

Ogólne statystyki
  • Ten quiz został rozwiązany 51 razy
  • Średni wynik to 31 z 61
Statystyki odpowiedzi
Państwo Stolica % Poprawnych
Niemcy Berlin
100%
Węgry Budapeszt
95%
Rumunia Bukareszt
90%
Niemcy Warszawa
90%
Finlandia Helsinki
88%
Bułgaria Sofia
88%
Niemcy Amsterdam
85%
Niemcy Belgrad
85%
Niemcy Oslo
85%
Niemcy Paryż
85%
Niemcy Kijów
80%
Niemcy Mińsk
80%
Niemcy Ryga
80%
Włochy Rzym
80%
Niemcy Tallinn
80%
Niemcy Wilno
80%
Niemcy Ateny
78%
Niemcy Bruksela
78%
Japonia Pekin
78%
Japonia Tokio
78%
Niemcy Kopenhaga
76%
Niemcy Wiedeń
76%
Niemcy Bratysława
73%
Niemcy Luksemburg
73%
Niemcy Praga
73%
Niemcy/Włochy Zagrzeb
66%
Japonia Seul
63%
Bułgaria Skopje
63%
Włochy Prisztina
61%
Włochy Lublana
59%
Niemcy/Włochy Sarajewo
59%
Włochy Tirana
59%
Rumunia Kiszyniów
56%
Japonia Pjongjang
49%
Włochy Podgorica
49%
Tajlandia Bangkok
44%
Japonia Hanoi
37%
Japonia Manila
37%
Japonia Tajpej
34%
Włochy Monako
29%
Japonia Dżakarta
27%
Japonia Singapur
24%
Japonia Wientian
24%
Włochy Trypolis
22%
Włochy Addis Abeba
20%
Azja * (1941) Bagdad
15%
Włochy Mogadiszu
15%
Japonia Kuala Lumpur
12%
Japonia Phnom Penh
12%
Włochy Asmara
10%
Japonia Naypyidaw
10%
Japonia Bandar Seri Begawan
7%
Azja * (1941) Teheran
7%
Japonia Dili
5%
Japonia Honiara
5%
Japonia Tarawa
5%
Japonia Funafuti
2%
Japonia Ngerulmud
2%
Japonia Palikir
2%
Japonia Yaren
2%
Japonia Majuro
0%
Nie znaleziono quizów pasujących do podanych kryteriów
Rozkład punktacji
Procent ludzi z każdym wynikiem
Percentyl według liczby udzielonych odpowiedzi
Twoja historia wyników
Nie rozwiązałeś tego quizu